| 000 | 00485nam a22001937i 4500 | ||
|---|---|---|---|
| 001 | 1985 | ||
| 003 | OSt | ||
| 005 | 20170126082301.0 | ||
| 007 | tu | ||
| 008 | 161220s1979 xxu||||| |||| 00| 0 d | ||
| 024 | 7 |
_a1984 _2RID |
|
| 040 | _cOSt | ||
| 084 |
_a3.61 _a11.71 _a19.20 _a23.6 _2z |
||
| 100 | 1 |
_aTudyka, Kurt P. _eEd. |
|
| 245 | 0 | 0 | _aSozioökonomische Probleme der intersystemaren Wirtschaftsbeziehungen |
| 260 |
_aNijmengen, _c1979. |
||
| 300 |
_a145 S. ; _c30cm. |
||
| 700 | 1 |
_aSucha, M. _eEd. |
|
| 942 | _cB | ||
| 999 |
_c1964 _d1964 |
||